000 00569nam a2200181Ia 4500
003 OSt
005 20240513125318.0
008 210210b1948 xxu||||| |||| 00| 0 eng d
040 _cAL
041 _akan
082 _a853/69
100 _aKSHIRA SAGARA
_9160682
_dಕ್ಷೀರ ಸಾಗರ
245 _aAnanta vandane athava mommagana madadi
_bಅನಂತ ವಂದನೆ ಅಥವಾ ಮೊಮ್ಮಗನ ಮಡದಿ
260 _aBengaluru
_bSatyashodhana Prakatana Mandira
_c1948
690 _aKannada Drama
_9160683
906 _a019341
942 _2ddc
_cBK
999 _c143461
_d143461